000 00366 a2200157 4500
001 176584
020 _a
040 _cMagnum
100 _aPereira, Eduardo Carlos
240 1 0 _aNo tempo da escravidao no brasil
_lpor
245 1 0 _aNo tempo da escravidao no brasil
362 0 _a1899
440 1 _aScipione
697 _aMAGNITO: IJ/PARADIDATICO
942 _cBK
999 _c176584
_d176584